| Поле | Инд. | ПП | Название | Значение |
|---|---|---|---|---|
| Тип записи | a | |||
| Библиографический уровень | m | |||
| 001 | Контрольный номер | 60270a843e5f40c6b12609767106a20e | ||
| 005 | Дата корректировки | 20260514144627.8 | ||
| 020 | a | ISBN | 978-966-349-303-9 | |
| 097 | b | Оператор | *Ви* | |
| 100 | 1_ | a | Автор | Рудяков А.Н. |
| 245 | 10 | a | Заглавие | Русский язык |
| b | Продолж. заглавия | учебник для 11 класса общеобразоватьных учебных заведений (уровень стандарта) | ||
| b | Продолж. заглавия | в составе учебно-методического комплекса | ||
| 260 | a | Место издания | К. | |
| b | Издательство | Грамота | ||
| c | Дата издания | 2011 | ||
| 300 | a | Объем | 288 с. | |
| 440 | _0 | a | Серия | УМК-У |
| 516 | 8_ | a | Прим. о типе комп. файла/ данных | Текст : электронный |
| 520 | 0_ | a | Аннотация | Учебный материал соответствует программе для 11 класса общеобразовательных учебных заведений с русским языком обучения и современному уровню преподавания русского языка. В основе учебника программа но русскому языку уровня стандарта. Вместе с тем в учебник иод рубрикой «Будущим филологам» включён дополнительный материал, который можно использовать для академического и профильного уровней, в классах с углублённым изучением русского языка. Тексты упражнений и заданий ориентированы на возрастные особенности учащихся 11-х классов. |
| 535 | 1_ | a | Хранилище | Сервер |
| 583 | a | Действие | Приписка : УМК | |
| 653 | 0_ | a | Ключевые слова | Русский язык |
| a | Ключевые слова | СПО | ||
| 700 | 12 | a | Другие авторы | Фролова Т.Я. |
| 700 | 12 | a | Другие авторы | Быкова Е.И. |
| 773 | 18 | w | Контрольный № источника | 49a893bb61f140158b24da04a763a8c5 |
| 900 | a | Имя макрообъекта | 001-000188410-000000000-0000-0000-01 | |
| 901 | t | Тип документа | m | |
| 905 | b | Дата создания записи обработка | 18.09.25 | |
| c | Дата приписки | 14.05.26 |